[Event "RUS-ch Seniors"]
[Site "Odintsovo"]
[Date "2011.04.26"]
[Round "8"]
[White "Onoprienko, Vladimir"]
[Black "Kasantsev, Anatolij B"]
[Result "1-0"]
[WhiteElo "2312"]
[BlackElo "2101"]
[PlyCount "151"]
[EventDate "2011.04.19"]
[EventType "swiss"]
[EventRounds "9"]
[EventCountry "RUS"]
[SourceTitle "CBM 142 Extra"]
[Source "ChessBase"]
[SourceDate "2011.06.27"]
[SourceVersion "1"]
[SourceVersionDate "2011.06.27"]
[SourceQuality "1"]

1. e4 c5 2. Nc3 e6 3. Nf3 a6 4. d4 cxd4 5. Nxd4 Qc7 6. Be2 Nf6 7. 0-0 Nc6 8. Be3 Bb4 9. Na4 Be7 10. c4 d6 11. Nxc6 bxc6 12. Nb6 Rb8 13. Nxc8 Qxc8 14. Qc2 Qb7 15. b4 0-0 16. Rab1 e5 17. f4 exf4 18. Bxf4 Rbd8 19. Kh1 Nd7 20. Rb3 Ne5 21. c5 Ng6 22. Bg3 dxc5 23. bxc5 Qc8 24. Rb8 Qd7 25. Rxd8 Qxd8 26. Bxa6 Qa5 27. Bc4 Qxc5 28. Rf5 Qd4 29. h3 Bf6 30. Bf2 Qa1+ 31. Bg1 Rb8 32. Rf1 Qb2 33. Qa4 Ne5 34. Bb3 Qe2 35. Rd1 h6 36. Bh2 Kh7 37. Bg3 c5 38. Re1 Qd3 39. Bf4 c4 40. Bc2 Qc3 41. Rf1 Rb2 42. Bb1 Nd3 43. e5 Bg5 44. Bxg5 hxg5 45. Qc6 Qd2 46. Bxd3+ Qxd3 47. Rxf7 c3 48. Qf6 Qg6 49. Rc7 c2 50. Kh2 Rxa2 51. Qxg6+ Kxg6 52. e6 Kf6 53. e7 Kf7 54. Kg3 c1Q 55. Rxc1 Kxe7 56. Rf1 Ra4 57. Rf5 Ke6 58. Rxg5 Kf6 59. Rg4 Ra3+ 60. Kh4 g6 61. Rb4 Kg7 62. g4 g5+ 63. Kxg5 Rxh3 64. Rb7+ Kf8 65. Kg6 Ra3 66. Rb8+ Ke7 67. g5 Rf3 68. Kh6 Rh3+ 69. Kg7 Rf3 70. g6 Rg3 71. Rb1 Rg2 72. Re1+ Kd6 73. Kf7 Rf2+ 74. Kg8 Rg2 75. g7 Rf2 76. Rh1 1-0

[Event "Moscow op-E"]
[Site "Moscow"]
[Date "2011.02.02"]
[Round "5.89"]
[White "Onoprienko, Vladimir"]
[Black "Andronov, Ilya"]
[Result "1/2-1/2"]
[WhiteElo "2334"]
[BlackElo "2105"]
[PlyCount "72"]
[EventDate "2011.01.29"]
[EventType "swiss"]
[EventRounds "9"]
[EventCountry "RUS"]
[SourceTitle "EXT 2022"]
[Source "ChessBase"]
[SourceDate "2021.10.06"]
[SourceVersion "1"]
[SourceVersionDate "2021.10.06"]
[SourceQuality "1"]

1. e4 c5 2. Nc3 e6 3. Nf3 d6 4. d4 cxd4 5. Nxd4 Nf6 6. Be3 Be7 7. g4 h6 8. Bg2 a6 9. Qe2 Qc7 10. h4 h5 11. gxh5 Nxh5 12. 0-0-0 Nc6 13. Kb1 Bd7 14. Nxc6 Bxc6 15. Bg5 0-0-0 16. Nd5 Bxd5 17. exd5 e5 18. Be3 Bf6 19. Qg4+ Kb8 20. Qb4 Nf4 21. Bb6 Qd7 22. Bf1 Ka8 23. Bxd8 Bxd8 24. h5 Rxh5 25. Rxh5 Nxh5 26. Bc4 g6 27. Rd3 Nf4 28. Rb3 a5 29. Qd2 Qg4 30. a4 Qc8 31. Bb5 f5 32. Rc3 Bc7 33. Rc4 Qd8 34. c3 Bb6 35. b4 Qg8 36. Bd7 Qxd5 1/2-1/2

[Event "Biel MTO op 43rd"]
[Site "Biel"]
[Date "2010.07.26"]
[Round "8"]
[White "De Groote, Ewoud"]
[Black "Onoprienko, Vladimir"]
[Result "0-1"]
[WhiteElo "2251"]
[BlackElo "2343"]
[PlyCount "78"]
[EventDate "2010.07.19"]
[EventType "swiss"]
[EventRounds "11"]
[EventCountry "SUI"]
[SourceTitle "CBM 137 Extra"]
[Source "ChessBase"]
[SourceDate "2010.09.01"]
[SourceVersion "1"]
[SourceVersionDate "2010.09.01"]
[SourceQuality "1"]

1. e4 Nc6 2. Nf3 e5 3. Bb5 f5 4. d3 fxe4 5. dxe4 Nf6 6. 0-0 Bc5 7. Qd3 d6 8. Nc3 0-0 9. Bxc6 bxc6 10. Qc4+ Kh8 11. Nxe5 Qe8 12. Nd3 Bb6 13. Be3 Be6 14. Qa4 Ng4 15. Bxb6 axb6 16. Qb4 c5 17. Qb5 Bd7 18. Qc4 b5 19. Qd5 b4 20. Nd1 Bc6 21. Qg5 Qxe4 22. f3 Qd4+ 23. N1f2 Nxf2 24. Nxf2 Qxb2 25. Rfe1 Rae8 26. h4 Re5 27. Qg3 Rfe8 28. Nd3 Rxe1+ 29. Rxe1 Rxe1+ 30. Qxe1 Qf6 31. Kh2 h6 32. Qg3 Bd5 33. Nf4 Bf7 34. Qg4 Kh7 35. Kg3 g5 36. Nh3 gxh4+ 37. Kh2 Be6 38. Qe4+ Bf5 39. Qb7 Qg7 0-1

[Event "Biel MTO op 43rd"]
[Site "Biel"]
[Date "2010.07.23"]
[Round "5"]
[White "Onoprienko, Vladimir"]
[Black "Kosintseva, Nadezhda"]
[Result "0-1"]
[WhiteElo "2343"]
[BlackElo "2551"]
[PlyCount "62"]
[EventDate "2010.07.19"]
[EventType "swiss"]
[EventRounds "11"]
[EventCountry "SUI"]
[SourceTitle "CBM 137 Extra"]
[Source "ChessBase"]
[SourceDate "2010.09.01"]
[SourceVersion "1"]
[SourceVersionDate "2010.09.01"]
[SourceQuality "1"]

1. e4 c5 2. Nc3 d6 3. Nf3 Nc6 4. d4 cxd4 5. Nxd4 Nf6 6. Bg5 e6 7. Qd2 a6 8. 0-0-0 Bd7 9. f4 b5 10. Bxf6 gxf6 11. Nxc6 Bxc6 12. Bd3 b4 13. Ne2 Qb6 14. Kb1 h5 15. f5 e5 16. Bc4 Rc8 17. Qd3 a5 18. Bd5 Bb5 19. Qf3 Ke7 20. h4 a4 21. Rh3 Rc5 22. Nc1 Qc7 23. Qf2 Bh6 24. Nd3 Bxd3 25. Rdxd3 Rc8 26. c3 Qb6 27. Qe1 bxc3 28. Rxc3 Rxc3 29. Rxc3 Rxc3 30. Qxc3 Qg1+ 31. Kc2 Qc1+ 0-1

[Event "Biel MTO op 43rd"]
[Site "Biel"]
[Date "2010.07.22"]
[Round "4"]
[White "Onoprienko, Vladimir"]
[Black "Efroimski, Marsel"]
[Result "1-0"]
[WhiteElo "2343"]
[BlackElo "2169"]
[PlyCount "89"]
[EventDate "2010.07.19"]
[EventType "swiss"]
[EventRounds "11"]
[EventCountry "SUI"]
[SourceTitle "CBM 137 Extra"]
[Source "ChessBase"]
[SourceDate "2010.09.01"]
[SourceVersion "1"]
[SourceVersionDate "2010.09.01"]
[SourceQuality "1"]

1. e4 c6 2. d4 d5 3. exd5 cxd5 4. Bd3 Nc6 5. c3 Nf6 6. h3 g6 7. Nf3 Bg7 8. 0-0 Bf5 9. Bxf5 gxf5 10. Bf4 0-0 11. Ne5 Rc8 12. Nd2 e6 13. Re1 Ne4 14. Ndf3 Qe7 15. Nd3 Kh8 16. Nfe5 Rg8 17. Nxc6 bxc6 18. Qh5 c5 19. f3 Nf6 20. Qh4 cxd4 21. cxd4 Qb7 22. Be5 Nd7 23. Qe7 Rc2 24. Rac1 Qc8 25. Bxg7+ Rxg7 26. g4 fxg4 27. hxg4 h5 28. Qh4 Qc4 29. Rxc2 Qxc2 30. Nf4 Qxb2 31. Nxh5 Qxd4+ 32. Kh1 Qd3 33. Nf6+ Rh7 34. Qxh7+ Qxh7+ 35. Nxh7 Kxh7 36. Rc1 Ne5 37. Rc7 a5 38. Ra7 Kg6 39. Rxa5 Nxf3 40. a4 f5 41. Rb5 Nd4 42. Rb6 f4 43. a5 f3 44. a6 Kg5 45. a7 1-0

[Event "SUI-ch op"]
[Site "Lenzerheide"]
[Date "2010.07.16"]
[Round "9"]
[White "Onoprienko, Vladimir"]
[Black "Lematschko, Tatjana"]
[Result "0-1"]
[WhiteElo "2343"]
[BlackElo "2184"]
[PlyCount "113"]
[EventDate "2010.07.08"]
[EventType "swiss"]
[EventRounds "9"]
[EventCountry "SUI"]
[SourceTitle "CBM 137 Extra"]
[Source "ChessBase"]
[SourceDate "2010.09.01"]
[SourceVersion "1"]
[SourceVersionDate "2010.09.01"]
[SourceQuality "1"]

1. e4 g6 2. h4 d5 3. Nc3 d4 4. Nce2 e5 5. h5 g5 6. Ng3 Nh6 7. Nf3 f6 8. Bc4 Bg4 9. c3 c6 10. cxd4 exd4 11. Qb3 Bxf3 12. gxf3 Qb6 13. d3 Qxb3 14. Bxb3 Bd6 15. Ne2 Be5 16. f4 gxf4 17. Nxf4 Bxf4 18. Bxf4 Nf7 19. Rg1 Nd7 20. Rg7 Nfe5 21. Ke2 0-0-0 22. Be6 Kc7 23. Rag1 Kd6 24. Bf5 Nc5 25. R1g3 Ne6 26. Bxe6 Kxe6 27. Rxb7 Rd7 28. Rxd7 Nxd7 29. Rg7 a5 30. Bg3 Ne5 31. Ra7 Rb8 32. b3 Rb5 33. f4 Nd7 34. f5+ Ke7 35. Be1 Rb8 36. Bxa5 c5 37. Bc7 Rg8 38. Kf3 Rg5 39. h6 Rh5 40. Bf4 Rh3+ 41. Ke2 Rh4 42. Bd2 Rh2+ 43. Kd1 Rh3 44. Kc2 Kd6 45. Bf4+ Ke7 46. a4 Rh4 47. Bc7 Rxh6 48. a5 Rh1 49. a6 Ra1 50. Ra8 c4 51. bxc4 Nc5 52. Bb6 Nxa6 53. Kb2 Ra4 54. Kb3 Rb4+ 55. Kc2 Rxb6 56. Ra7+ Kd6 57. Rxh7 0-1

[Event "SUI-ch op"]
[Site "Lenzerheide"]
[Date "2010.07.14"]
[Round "7"]
[White "Onoprienko, Vladimir"]
[Black "Rindlisbacher, Lars"]
[Result "0-1"]
[WhiteElo "2343"]
[BlackElo "2169"]
[PlyCount "60"]
[EventDate "2010.07.08"]
[EventType "swiss"]
[EventRounds "9"]
[EventCountry "SUI"]
[SourceTitle "CBM 137 Extra"]
[Source "ChessBase"]
[SourceDate "2010.09.01"]
[SourceVersion "1"]
[SourceVersionDate "2010.09.01"]
[SourceQuality "1"]

1. e4 c5 2. Nf3 e6 3. Nc3 Nc6 4. d4 cxd4 5. Nxd4 d6 6. Be3 Nf6 7. Bc4 Be7 8. Bb3 0-0 9. 0-0 Kh8 10. f4 e5 11. Nf5 Nxe4 12. Nxe7 Nxc3 13. bxc3 Qxe7 14. f5 Qf6 15. g4 g6 16. Bh6 Rg8 17. g5 gxf5 18. Qh5 Be6 19. Bxe6 Qxe6 20. Rad1 Rad8 21. Kh1 f4 22. Qf3 Rd7 23. Rg1 Ne7 24. g6 Rxg6 25. Rxg6 fxg6 26. Re1 Qd5 27. Re4 Nf5 28. Bxf4 Rf7 29. c4 Qc6 30. Bg5 Ng3+ 0-1

[Event "SUI-ch op"]
[Site "Lenzerheide"]
[Date "2010.07.12"]
[Round "5"]
[White "Onoprienko, Vladimir"]
[Black "Filipovic, Branko"]
[Result "1/2-1/2"]
[WhiteElo "2343"]
[BlackElo "2415"]
[PlyCount "70"]
[EventDate "2010.07.08"]
[EventType "swiss"]
[EventRounds "9"]
[EventCountry "SUI"]
[SourceTitle "CBM 137 Extra"]
[Source "ChessBase"]
[SourceDate "2010.09.01"]
[SourceVersion "1"]
[SourceVersionDate "2010.09.01"]
[SourceQuality "1"]

1. e4 e6 2. Nf3 d5 3. Nc3 d4 4. Ne2 c5 5. c3 Nc6 6. cxd4 Nf6 7. e5 Ne4 8. Nc3 Ng5 9. Nxg5 Qxg5 10. Ne4 Qg6 11. Ng3 Nxd4 12. d3 Be7 13. Be3 0-0 14. h4 h6 15. Bxd4 cxd4 16. Be2 f5 17. Bh5 Qh7 18. f4 Bd7 19. Qb3 Rac8 20. Bf3 Qg6 21. Kf2 Qe8 22. Ne2 Bc5 23. Qxb7 Bb6 24. Rac1 Bb5 25. Bh5 Qd7 26. Qxd7 Bxd7 27. Rxc8 Rxc8 28. Rc1 Rxc1 29. Nxc1 g5 30. hxg5 hxg5 31. fxg5 Bc7 32. g4 Bxe5 33. gxf5 exf5 34. Nb3 Be6 35. Ke2 Bxb3 1/2-1/2

[Event "SUI-ch op"]
[Site "Lenzerheide"]
[Date "2010.07.10"]
[Round "3"]
[White "Onoprienko, Vladimir"]
[Black "Georgiadis, Nico"]
[Result "1/2-1/2"]
[WhiteElo "2343"]
[BlackElo "2209"]
[PlyCount "108"]
[EventDate "2010.07.08"]
[EventType "swiss"]
[EventRounds "9"]
[EventCountry "SUI"]
[SourceTitle "CBM 137 Extra"]
[Source "ChessBase"]
[SourceDate "2010.09.01"]
[SourceVersion "1"]
[SourceVersionDate "2010.09.01"]
[SourceQuality "1"]

1. e4 c5 2. Nc3 Nc6 3. Nge2 g6 4. d4 cxd4 5. Nxd4 Bg7 6. Nb3 Nf6 7. Be2 0-0 8. 0-0 d6 9. Bg5 Be6 10. Kh1 Rc8 11. f4 Na5 12. f5 Bc4 13. Bd3 b5 14. Qe1 b4 15. Nd1 Bxd3 16. cxd3 Nc6 17. Qh4 d5 18. fxg6 fxg6 19. Ne3 dxe4 20. dxe4 Ne5 21. Rad1 Qb6 22. Rfe1 Qa6 23. Nd5 Nxd5 24. exd5 Nd3 25. Bxe7 Bf6 26. Bxf6 Nxe1 27. Qxe1 Rxf6 28. Nd4 Rcf8 29. Nf3 Qd6 30. Qe3 R8f7 31. Kg1 Re7 32. Qb3 Qc5+ 33. Kh1 Re3 34. Qa4 Re2 35. Ng1 Qc2 36. Qxc2 Rxc2 37. Nf3 Rd6 38. h3 Rxb2 39. Ng5 Re2 40. Rd4 Re5 41. Ne4 Rd8 42. Rxb4 Kf7 43. Rb7+ Re7 44. Ng5+ Ke8 45. Rb5 h6 46. Ne6 Rc8 47. Nd4 Kd7 48. Ra5 Kd6 49. Nc6 Re1+ 50. Kh2 Rc7 51. a4 Ra1 52. Kg3 Ra3+ 53. Kh2 Ra1 54. h4 h5 1/2-1/2

[Event "SUI-ch op"]
[Site "Lenzerheide"]
[Date "2010.07.08"]
[Round "1"]
[White "Onoprienko, Vladimir"]
[Black "Zanetti, Bruno"]
[Result "1-0"]
[WhiteElo "2343"]
[BlackElo "1977"]
[PlyCount "85"]
[EventDate "2010.07.08"]
[EventType "swiss"]
[EventRounds "9"]
[EventCountry "SUI"]
[SourceTitle "CBM 137 Extra"]
[Source "ChessBase"]
[SourceDate "2010.09.01"]
[SourceVersion "1"]
[SourceVersionDate "2010.09.01"]
[SourceQuality "1"]

1. e4 c5 2. Nc3 Nc6 3. Bb5 Nd4 4. Bc4 d6 5. Nge2 g6 6. Nxd4 cxd4 7. Ne2 Bg7 8. 0-0 Nf6 9. d3 Nd7 10. f4 e6 11. a4 0-0 12. Qe1 a5 13. Qf2 e5 14. f5 Kh8 15. Qg3 Nb6 16. Bb3 gxf5 17. exf5 f6 18. c3 dxc3 19. bxc3 Bd7 20. Be3 Bc6 21. Kh1 Nd5 22. Bd2 Qe8 23. Qh4 Ne7 24. Ng3 Bd5 25. Bxd5 Nxd5 26. Nh5 Rf7 27. Rf3 Qe7 28. Rb1 Rc8 29. Rb3 Rc6 30. Rh3 Bf8 31. Qg4 Nf4 32. Rg3 Bg7 33. Nxf4 exf4 34. Qxf4 Qe2 35. Rb1 Re7 36. h3 Qe5 37. c4 Rc5 38. Qxe5 Rcxe5 39. Rf3 Re2 40. Bxa5 Ra2 41. Bb4 Ree2 42. Rg3 h5 43. Bxd6 1-0

[Event "EU-ch 11th"]
[Site "Rijeka"]
[Date "2010.03.16"]
[Round "10"]
[White "Rasulov, Vugar Ural Oglu"]
[Black "Onoprienko, Vladimir"]
[Result "1/2-1/2"]
[WhiteElo "2457"]
[BlackElo "2346"]
[PlyCount "54"]
[EventDate "2010.03.06"]
[EventType "swiss"]
[EventRounds "11"]
[EventCountry "CRO"]
[SourceTitle "CBM 136"]
[Source "ChessBase"]
[SourceDate "2010.05.18"]
[SourceVersion "1"]
[SourceVersionDate "2010.05.18"]
[SourceQuality "1"]

1. e4 e5 2. Nf3 Nc6 3. Bb5 f5 4. d3 fxe4 5. dxe4 Nf6 6. 0-0 Bc5 7. Bc4 d6 8. h3 Qe7 9. Nc3 Be6 10. Nd5 Bxd5 11. exd5 Nd4 12. Nxd4 Bxd4 13. c3 Bb6 14. Bb5+ Kf7 15. Bg5 Rhf8 16. a4 a5 17. Bd3 Kg8 18. Bf5 h6 19. Bh4 g5 20. Bg3 Kg7 21. Kh1 Qf7 22. Bg4 Qg6 23. Be2 Ne4 24. Bd3 Nxg3+ 25. fxg3 e4 26. Be2 Rxf1+ 27. Qxf1 Rf8 1/2-1/2

[Event "EU-ch 11th"]
[Site "Rijeka"]
[Date "2010.03.15"]
[Round "9"]
[White "Onoprienko, Vladimir"]
[Black "Demel, Paul"]
[Result "1-0"]
[WhiteElo "2346"]
[BlackElo "2155"]
[PlyCount "51"]
[EventDate "2010.03.06"]
[EventType "swiss"]
[EventRounds "11"]
[EventCountry "CRO"]
[SourceTitle "CBM 136"]
[Source "ChessBase"]
[SourceDate "2010.05.18"]
[SourceVersion "1"]
[SourceVersionDate "2010.05.18"]
[SourceQuality "1"]

1. e4 c5 2. Nc3 a6 3. Nf3 d6 4. d4 cxd4 5. Nxd4 Nf6 6. Bc4 e6 7. Bb3 Nc6 8. Be3 Be7 9. f4 Qc7 10. 0-0 0-0 11. f5 Nxd4 12. Bxd4 e5 13. Be3 b5 14. g4 Bb7 15. g5 Nxe4 16. Nd5 Bxd5 17. Qxd5 Nxg5 18. Qg2 h6 19. f6 gxf6 20. h4 Kg7 21. Rf5 d5 22. hxg5 fxg5 23. Bxg5 Bxg5 24. Rxg5+ Kh8 25. Qh2 Qb6+ 26. Kh1 1-0

[Event "EU-ch 11th"]
[Site "Rijeka"]
[Date "2010.03.11"]
[Round "6"]
[White "Kadric, Denis"]
[Black "Onoprienko, Vladimir"]
[Result "1-0"]
[WhiteElo "2171"]
[BlackElo "2346"]
[PlyCount "73"]
[EventDate "2010.03.06"]
[EventType "swiss"]
[EventRounds "11"]
[EventCountry "CRO"]
[SourceTitle "CBM 136"]
[Source "ChessBase"]
[SourceDate "2010.05.18"]
[SourceVersion "1"]
[SourceVersionDate "2010.05.18"]
[SourceQuality "1"]

1. e4 c5 2. Nf3 g6 3. d4 Bg7 4. c4 cxd4 5. Nxd4 Nc6 6. Be3 Qb6 7. Nb5 Qa5+ 8. N5c3 Nf6 9. Nd2 0-0 10. Be2 d6 11. 0-0 Bd7 12. c5 dxc5 13. Nb3 Qc7 14. Nxc5 Rad8 15. Nxd7 Nxd7 16. Qb3 Nd4 17. Bxd4 Bxd4 18. Nb5 Qe5 19. Nxd4 Nc5 20. Nf3 Nxb3 21. Nxe5 Nxa1 22. Rxa1 Rd2 23. Bc4 e6 24. b3 Rfd8 25. g3 Kf8 26. a4 Ke7 27. Rc1 Rd1+ 28. Rxd1 Rxd1+ 29. Kg2 f6 30. Nd3 Kd6 31. Nf4 e5 32. Nd5 f5 33. exf5 gxf5 34. Ne3 Rb1 35. Nxf5+ Kc6 36. g4 a6 37. h4 1-0

[Event "EU-ch 11th"]
[Site "Rijeka"]
[Date "2010.03.10"]
[Round "5"]
[White "Onoprienko, Vladimir"]
[Black "Makarov, Marat"]
[Result "0-1"]
[WhiteElo "2346"]
[BlackElo "2510"]
[PlyCount "70"]
[EventDate "2010.03.06"]
[EventType "swiss"]
[EventRounds "11"]
[EventCountry "CRO"]
[SourceTitle "CBM 136"]
[Source "ChessBase"]
[SourceDate "2010.05.18"]
[SourceVersion "1"]
[SourceVersionDate "2010.05.18"]
[SourceQuality "1"]

1. e4 c5 2. Nc3 a6 3. Nf3 e6 4. d4 cxd4 5. Nxd4 Qc7 6. g3 Bb4 7. Nde2 Nf6 8. Bg2 Be7 9. 0-0 0-0 10. h3 Nc6 11. f4 b5 12. e5 Ne8 13. Ne4 Bb7 14. Be3 d6 15. exd6 Nxd6 16. Nxd6 Bxd6 17. Nc3 Rad8 18. Qe2 Na5 19. Ne4 Nc4 20. Nxd6 Bxg2 21. Kxg2 Rxd6 22. c3 Qc6+ 23. Kh2 Qe4 24. Rae1 Nxe3 25. Qxe3 Qxe3 26. Rxe3 Rd2+ 27. Kg1 Rxb2 28. Rf2 Rxf2 29. Kxf2 Rc8 30. Ke2 Rc4 31. Kd3 Kf8 32. Re2 Ke7 33. Ke3 h5 34. g4 hxg4 35. hxg4 g5 0-1

[Event "RUS-ch Seniors"]
[Site "Lesnoj Gorodok"]
[Date "2009.10.07"]
[Round "5"]
[White "Onoprienko, Vladimir"]
[Black "Kulago, Alexander"]
[Result "1/2-1/2"]
[WhiteElo "2318"]
[BlackElo "2144"]
[PlyCount "26"]
[EventDate "2009.10.03"]
[EventType "swiss"]
[EventRounds "9"]
[EventCountry "RUS"]
[SourceTitle "CBM 132 Extra"]
[Source "ChessBase"]
[SourceDate "2009.11.03"]
[SourceVersion "1"]
[SourceVersionDate "2009.11.03"]
[SourceQuality "1"]

1. e4 e5 2. Nf3 Nc6 3. Bb5 Nge7 4. 0-0 g6 5. Nc3 Bg7 6. d3 h6 7. a4 0-0 8. Bc4 Kh7 9. a5 a6 10. Nd5 d6 11. Nxe7 Qxe7 12. Re1 Be6 13. Bxe6 Qxe6 1/2-1/2

[Event "EU-ch Seniors 09th"]
[Site "Rogaska Slatina"]
[Date "2009.07.30"]
[Round "9"]
[White "Onoprienko, Vladimir"]
[Black "Rooze, Jan"]
[Result "1/2-1/2"]
[WhiteElo "2318"]
[BlackElo "2238"]
[PlyCount "182"]
[EventDate "2009.07.22"]
[EventType "swiss"]
[EventRounds "9"]
[EventCountry "SLO"]
[SourceTitle "CBM 131 Extra"]
[Source "ChessBase"]
[SourceDate "2009.09.03"]
[SourceVersion "2"]
[SourceVersionDate "2009.09.16"]
[SourceQuality "1"]

1. e4 c5 2. Nc3 e6 3. Nf3 Nc6 4. d4 cxd4 5. Nxd4 Qc7 6. Be2 a6 7. 0-0 Nf6 8. Be3 Bb4 9. Na4 Be7 10. Nxc6 bxc6 11. Nb6 Rb8 12. Nxc8 Qxc8 13. Bd4 c5 14. Be5 Rb6 15. c4 Nxe4 16. Bxg7 Rg8 17. Be5 Bd6 18. Bxd6 Nxd6 19. Bd3 Qb7 20. g3 Rxb2 21. Qh5 Ne4 22. Bxe4 Qxe4 23. Qxc5 Rg4 24. Rac1 Qe2 25. Qc8+ Ke7 26. Rcd1 Rd2 27. Rxd2 Qxd2 28. Qxa6 Re4 29. Qa3+ Qd6 30. c5 Qc6 31. Rc1 Re2 32. Qb3 Qe4 33. a3 Qf5 34. Rf1 Rc2 35. Qb4 Ke8 36. Qd4 h5 37. Rd1 Kf8 38. h4 Qf3 39. Re1 e5 40. Qd6+ Kg8 41. Rf1 Qf5 42. a4 e4 43. Qd4 Rxc5 44. Re1 Re5 45. Re3 Qe6 46. Rc3 d6 47. Rc6 e3 48. fxe3 Qh3 49. Rc2 Rc5 50. Rxc5 Qxg3+ 51. Kf1 Qf3+ 52. Ke1 Qh1+ 53. Kd2 dxc5 54. Qd8+ Kh7 55. Qg5 Qf3 56. Kc3 Qg4 57. Qf4 Qe6 58. a5 Kg7 59. Qg5+ Kf8 60. Qxc5+ Ke8 61. Qd4 Qa2 62. Kb4 Qb1+ 63. Kc5 Qb7 64. Qe5+ Kf8 65. Qd6+ Kg8 66. a6 Qb3 67. Qd8+ Kh7 68. Qd4 Qb8 69. Qd6 Qb3 70. Qe5 Kg8 71. a7 Qa3+ 72. Kb6 Qb3+ 73. Kc7 Qc4+ 74. Kd6 Qa6+ 75. Kd5 Qxa7 76. Qg5+ Kf8 77. Qh6+ Ke7 78. Qg5+ Kf8 79. Ke4 Qa4+ 80. Kf3 Qd7 81. Kf4 Qd6+ 82. Kf3 Qd1+ 83. Kg3 Qe2 84. Kf4 Qc4+ 85. Kg3 Qe2 86. Qd8+ Kg7 87. Qd4+ Kg6 88. Qe4+ Kg7 89. Qe5+ Kf8 90. Qg5 Qe1+ 91. Kf4 Qf2+ 1/2-1/2

[Event "EU-ch Seniors 09th"]
[Site "Rogaska Slatina"]
[Date "2009.07.26"]
[Round "5"]
[White "Shvedchikov, Anatoli I"]
[Black "Onoprienko, Vladimir"]
[Result "1-0"]
[WhiteElo "2396"]
[BlackElo "2318"]
[PlyCount "113"]
[EventDate "2009.07.22"]
[EventType "swiss"]
[EventRounds "9"]
[EventCountry "SLO"]
[SourceTitle "CBM 131 Extra"]
[Source "ChessBase"]
[SourceDate "2009.09.03"]
[SourceVersion "2"]
[SourceVersionDate "2009.09.16"]
[SourceQuality "1"]

1. c4 Nf6 2. Nc3 e5 3. Nf3 Nc6 4. g3 Bb4 5. Bg2 0-0 6. 0-0 Re8 7. Ne1 e4 8. Nc2 Bxc3 9. dxc3 d6 10. Ne3 Be6 11. h3 h6 12. b3 Ne5 13. Kh2 a5 14. a4 Qd7 15. f4 exf3 16. exf3 Ng6 17. f4 Bf5 18. Nxf5 Qxf5 19. Bxb7 Rab8 20. Bc6 Re7 21. Ra2 Qc5 22. Bg2 Ne4 23. Qd3 f5 24. Be3 Qc6 25. Rb2 Qe8 26. Bg1 h5 27. h4 Qf7 28. Bf3 Qf6 29. Bd4 Qe6 30. Bxh5 c5 31. Bg1 Nf8 32. Bf3 Nh7 33. g4 Nhf6 34. g5 Ng4+ 35. Bxg4 fxg4 36. f5 Qe5+ 37. Kg2 Nxc3 38. Bh2 Qe4+ 39. Qxe4 Rxe4 40. Bxd6 Nxa4 41. Ra2 Nc3 42. Rxa5 Re2+ 43. Kg1 Rd8 44. Bxc5 Ne4 45. Bb4 Re3 46. Ra2 Rxb3 47. Re1 Ng3 48. Be7 Re8 49. Rf2 Rb7 50. f6 gxf6 51. gxf6 Kf7 52. Re3 Nh5 53. Re5 Rh8 54. Bd6 Rb1+ 55. Kg2 g3 56. Re7+ Kg6 57. Bxg3 1-0

[Event "EU-ch Seniors 09th"]
[Site "Rogaska Slatina"]
[Date "2009.07.25"]
[Round "4"]
[White "Onoprienko, Vladimir"]
[Black "Toefferl, Heimo"]
[Result "1-0"]
[WhiteElo "2318"]
[BlackElo "2121"]
[PlyCount "38"]
[EventDate "2009.07.22"]
[EventType "swiss"]
[EventRounds "9"]
[EventCountry "SLO"]
[SourceTitle "CBM 131 Extra"]
[Source "ChessBase"]
[SourceDate "2009.09.03"]
[SourceVersion "2"]
[SourceVersionDate "2009.09.16"]
[SourceQuality "1"]

1. e4 e6 2. Nf3 d5 3. Nc3 Nf6 4. e5 Nfd7 5. d4 c5 6. dxc5 Nc6 7. Bf4 Bxc5 8. Bd3 a6 9. Bg3 Nb4 10. 0-0 Nxd3 11. Qxd3 b5 12. Nxd5 exd5 13. Qxd5 Ra7 14. e6 fxe6 15. Qxe6+ Qe7 16. Qb3 Qf7 17. Rfe1+ Kf8 18. Qd3 Be7 19. Rxe7 Kxe7 1-0

[Event "Nabokov Memorial 7th"]
[Site "Kiev"]
[Date "2009.04.17"]
[Round "4"]
[White "Hamitevici, Vladimir"]
[Black "Onoprienko, Vladimir"]
[Result "1-0"]
[WhiteElo "2406"]
[BlackElo "2372"]
[PlyCount "59"]
[EventDate "2009.04.14"]
[EventType "tourn"]
[EventRounds "11"]
[EventCountry "UKR"]
[EventCategory "8"]
[SourceTitle "CBM 129 Extra"]
[Source "ChessBase"]
[SourceDate "2009.05.05"]
[SourceVersion "2"]
[SourceVersionDate "2009.05.20"]
[SourceQuality "1"]

1. d4 c5 2. d5 Nf6 3. c4 g6 4. Nc3 Bg7 5. e4 d6 6. Nf3 0-0 7. h3 e5 8. g3 Nh5 9. Be2 a6 10. Bg5 f6 11. Be3 f5 12. exf5 gxf5 13. Bg5 Nf6 14. Qd2 Qe8 15. Nh4 b6 16. g4 f4 17. Qc2 Ra7 18. 0-0-0 b5 19. cxb5 axb5 20. Bxb5 Qf7 21. Nf5 Bxf5 22. Qxf5 Qc7 23. h4 c4 24. h5 h6 25. Bxh6 Qc5 26. g5 Nh7 27. Qe6+ Kh8 28. Bxg7+ Rxg7 29. g6 Qxf2 30. Qxd6 1-0

[Event "Nabokov Memorial 7th"]
[Site "Kiev"]
[Date "2009.04.15"]
[Round "2"]
[White "Pavlov, Sergey1111"]
[Black "Onoprienko, Vladimir"]
[Result "1-0"]
[WhiteElo "2443"]
[BlackElo "2372"]
[PlyCount "71"]
[EventDate "2009.04.14"]
[EventType "tourn"]
[EventRounds "11"]
[EventCountry "UKR"]
[EventCategory "8"]
[SourceTitle "CBM 129 Extra"]
[Source "ChessBase"]
[SourceDate "2009.05.05"]
[SourceVersion "2"]
[SourceVersionDate "2009.05.20"]
[SourceQuality "1"]

1. e4 c5 2. Nf3 g6 3. d4 Bg7 4. c4 Nc6 5. dxc5 Qa5+ 6. Bd2 Qxc5 7. Nc3 Nf6 8. Be2 0-0 9. 0-0 Ne5 10. Be3 Nxf3+ 11. Bxf3 Qa5 12. c5 d6 13. cxd6 Rd8 14. Bd2 Qe5 15. dxe7 Qxe7 16. Qe2 Qe5 17. Rfd1 Be6 18. g3 h5 19. Bf4 Qa5 20. e5 Ng4 21. Bxb7 Rab8 22. Rxd8+ Rxd8 23. Bg2 Nxe5 24. b4 Qc7 25. Rc1 Qc4 26. Qxc4 Bxc4 27. Ne4 Bxa2 28. Bg5 Rb8 29. Rc7 a6 30. Ra7 Rxb4 31. h3 Rb6 32. Ra8+ Kh7 33. Be3 Rb1+ 34. Kh2 f6 35. Ra7 Kg8 36. Nc3 1-0

[Event "EU-ch 10th"]
[Site "Budva"]
[Date "2009.03.17"]
[Round "11"]
[White "Stanojevic, Branko"]
[Black "Onoprienko, Vladimir"]
[Result "1/2-1/2"]
[WhiteElo "2276"]
[BlackElo "2372"]
[PlyCount "103"]
[EventDate "2009.03.06"]
[EventType "swiss"]
[EventRounds "11"]
[EventCountry "MNE"]
[SourceTitle "CBM 130"]
[Source "ChessBase"]
[SourceDate "2009.05.20"]
[SourceVersion "1"]
[SourceVersionDate "2009.05.20"]
[SourceQuality "1"]

1. d4 Nf6 2. c4 g6 3. Nc3 Bg7 4. e4 0-0 5. Be2 d6 6. Bg5 c5 7. dxc5 Qa5 8. Bd2 Qxc5 9. Nf3 Bg4 10. Be3 Qa5 11. 0-0 Nc6 12. Rc1 Rfc8 13. b3 Nd7 14. Bd2 Qd8 15. h3 Bxf3 16. Bxf3 Nc5 17. Be3 Ne6 18. Bg4 h5 19. Bxe6 fxe6 20. g4 Qa5 21. Qd2 hxg4 22. hxg4 Ne5 23. f3 Rf8 24. Kg2 Rf7 25. Ne2 Qxd2 26. Bxd2 Nd3 27. Rcd1 Raf8 28. Be3 Nb4 29. Rd2 b6 30. Nd4 Bxd4 31. Bxd4 Nc6 32. Bc3 e5 33. Rd3 Nd8 34. Bd2 Ne6 35. Be3 Rh7 36. Rdd1 Kf7 37. Rh1 Rfh8 38. Rxh7+ Rxh7 39. Rd5 Rh8 40. Rd1 Rc8 41. Rh1 Kg7 42. Rd1 Kf6 43. Rh1 Kg7 44. Rd1 g5 45. Rd2 Nf4+ 46. Bxf4 exf4 47. Rd5 Rc5 48. Kf2 Kf6 49. Rf5+ Rxf5 50. exf5 Ke5 51. Ke2 Kd4 52. Kd2 1/2-1/2